Remote Sensing in Applications of Geoinformation (Record no. 12865)
[ view plain ]
| 000 -LEADER | |
|---|---|
| fixed length control field | 01177nam a2200133Ia 4500 |
| 008 - FIXED-LENGTH DATA ELEMENTS--GENERAL INFORMATION | |
| fixed length control field | 220615s9999||||xx |||||||||||||| ||und|| |
| 020 ## - INTERNATIONAL STANDARD BOOK NUMBER | |
| International Standard Book Number | 9783040000000 |
| 245 #0 - TITLE STATEMENT | |
| Title | Remote Sensing in Applications of Geoinformation |
| 546 ## - LANGUAGE NOTE | |
| Language note | English[eng] |
| 650 ## - SUBJECT ADDED ENTRY--TOPICAL TERM | |
| Topical term or geographic name entry element | inundation mapping||flood mapping||automatic thresholding||Sentinel-2||wetlands||marshland||Camargue||Doñana||3D modelling||LiDAR||CityGML||solar potential||general valuation||Cyprus||artificial intelligence||mass appraisals||real estate||algorithms||mathematical models||AVM||CAMA||urban forest||landscape metrics||aerial images||street view images||semantic segmentation||convolutional neural network (CNN)||spatial clustering||Eastern Mediterranean Sea||multiple filtering||skeletonization||structural interpretation||air temperature||surface temperature||multiple linear regression||Landsat 8||urban heat island||satellite images||plastic litter||spectral indices||spectroscopy||remote sensing||UAVs||soil nutrients||field spectroscopy||Landsat (OLI)||partial least-squares and regression||Wadi El-Garawla||n/a |
| 700 ## - ADDED ENTRY--PERSONAL NAME | |
| Personal name | Michaelides, Silas |
| 856 ## - ELECTRONIC LOCATION AND ACCESS | |
| Uniform Resource Identifier | <a href="https://mdpi.com/books/pdfview/book/4815">https://mdpi.com/books/pdfview/book/4815</a> |
| 942 ## - ADDED ENTRY ELEMENTS (KOHA) | |
| Koha item type | E-Books |
| Withdrawn status | Lost status | Damaged status | Not for loan | Home library | Current library | Date acquired | Total Checkouts | Date last seen | Price effective from | Koha item type |
|---|---|---|---|---|---|---|---|---|---|---|
| Kerala University of Digital Sciences, Innovation and Technology Knowledge Centre | Kerala University of Digital Sciences, Innovation and Technology Knowledge Centre | 15/06/2022 | 15/06/2022 | 15/06/2022 | E-Books |